Nuestra inferioridad económica. Sus causas, sus consecuencias.

Guardat en:
Dades bibliogràfiques
Autor principal: Encina, Francisco Antonio (autor)
Format: Llibre
Idioma:espanyol
Publicat: Santiago, Chile: Universitaria, 1978.
Edició:Cuarta edición.
Col·lecció:Cormorán. Colección Imagen de Chile.
Matèries:
Etiquetes: Afegir etiqueta
Sense etiquetes, Sigues el primer a etiquetar aquest registre!

MARC

LEADER 00000nam a2200000 a 4500
001 UCU2503
003 CL-VaPUC
005 20220822114328.0
008 960426e19780000CL |||||||||||||||||spa|d
999 |c 246778  |d 246776 
040 |c Pontificia Universidad Católica de Valparaíso 
082 0 4 |a 330.983 ENC 1978  |2 21 
100 |a Encina, Francisco Antonio  |e autor  |9 515542 
245 1 0 |a Nuestra inferioridad económica.  |b Sus causas, sus consecuencias. 
250 |a Cuarta edición. 
260 |a Santiago, Chile:  |b Universitaria,  |c 1978. 
300 |a 245 páginas. 
490 0 |a Cormorán. Colección Imagen de Chile. 
500 |a c.3 Donación Familia Prof. Alejandro Guzmán Brito. 
583 |a last modification  |c 19960426 00:00:00  |k Rodrigo Vera 
650 0 |a Desarrollo económico y social   |9 256320 
650 0 |a Condiciones económicas  |9 258255 
650 0 |a Política económica   |9 255029 
650 0 |a Países en desarrollo  |9 259663 
650 0 |a Cambio social   |9 256857 
942 |c BK  |2 ddc  |n 0 
945 |d 19960426 00:00:00  |a cmena 
952 |0 0  |1 0  |4 0  |6 330_983000000000000_ENC_1978  |7 0  |8 A  |9 261984  |a BIBHIS  |b BIBHIS  |d 2019-11-19  |i 1349481  |o 330.983 ENC 1978  |p 1349481  |r 2025-01-20  |w 2019-11-19  |y BK  |k HIS 
952 |0 0  |1 0  |2 ddc  |4 0  |6 330_983000000000000_ENC_1978  |7 1  |8 C_AGB  |9 580594  |a BIBDER  |b BIBDER  |d 2022-01-17  |e Donación   |i 5639557   |o 330.983 ENC 1978  |p 5639557  |r 2023-01-25  |t 3  |w 2022-01-17  |y BK_US  |k AGB